000 00366nam a2200145 i 4500
001 bg
100 1 _aBOGDANOWSKI, Janusz.
245 0 _aKompozycja i planowanie w architekturze krajobrazu /
_cJanusz Bogdanowski.
260 _aWrocław,
_c1976.
040 _cBPK
041 _apol
080 _a711/712
942 _cKS
008 s pl f |000 0 pol
999 _c17107
_d17107
856 _uhttp://koha.tu.koszalin.pl/cgi-bin/koha/opac-detail.pl?biblionumber=17107
_yKatalog online BPK